| 000 | 00000nam##2200000za#4500 |
| 001 | 9.615224 |
| 003 | CaOODSP |
| 005 | 20210929082757 |
| 007 | ta |
| 008 | 150406|2000||||xxc||||| f|0| 0 eng|d |
| 020 | |a0-662-29053-4 |
| 022 | |a1209-6571 |
| 040 | |aCaOODSP|beng |
| 043 | |an-cn--- |
| 086 | 1 |aFo29-47/23-2000E |
| 110 | 1 |aCanada. |bNatural Resources Canada. |bCanadian Forest Service. |
| 245 | 10|aUsing line intersect sampling to predict spruce beetle populations in logging residue|cby L. Safranyik and D. A. Linton. |
| 260 | |aVictoria - British Columbia : |bNatural Resources Canada. |c2000. |
| 300 | |a3p. : |billus., references ; |c28 cm. |
| 490 | 1 |aTechnology transfer note|x1209-6571|v23 |
| 563 | |aPamphlet |
| 590 | |a00-46|b2000-11-17 |
| 690 | 07|aTrees|2gcpds |
| 690 | 07|aInsects|2gcpds |
| 720 | 1 |aSafranyik, L. |
| 720 | 1 |aLinton, D. A. |
| 775 | 08|tLe recours à l'échantillonnage linéaire pour prédire les populations du dendroctone de l'épinette dans les résidus de coupe|w(CaOODSP)9.625573 |
| 776 | 0#|tUsing line intersect sampling to predict spruce beetle populations in logging residue|w(CaOODSP)9.572377 |
| 830 | #0|aTechnology transfer note,|x1209-6571|v23|w(CaOODSP)9.514646 |